000 00775nam a2200229 a 4500
001 47355
003 BD-RjUL
005 20211209054311.0
008 160808s1973 bg |||| ||| 00| 0 ben d
020 _c: Tk. 4.00
035 _a(BD-RjUL)47474
040 _aBD-RjUL
_bben
_cBD-RjUL
041 _aben
082 _223
_a297
_bALK 1973
100 1 _aআলম, ওহীদুল
_9144092
245 1 0 _aকোরাণের মর্মবাণী (কাব্যে আমপারা) /
_cওহীদুল আলম
260 _aচট্টগ্রাম :
_bআলমবাগ প্রকাশনী,
_c১৯৭৩
300 _a[৮] ৬৮ পৃ. ;
_c২০ সেমি.
650 _aইসলাম
_9144093
650 _aIslam
_9144094
942 _2ddc
_cBK
999 _c47355
_d47355